000
00198 a2200097 4500
001
10363
100
_a
P S A
245
_a
Proceedingss of the N P
260
_a
_b
S N P S C
_c
090
_c
8015
_d
8015
942
_a
NUST-CAE
_c
M
_c
34729
999
_c
245436
_d
245436